[Event "Dyfed Major"]
[Site "Fishguard"]
[Date "2020.02.15"]
[Round "3.8"]
[White "Baron, Margaret"]
[Black "Shepherd, Graham C"]
[Result "0-1"]
[WhiteElo "850"]
[BlackElo "1686"]
[Annotator "kemen"]
[PlyCount "68"]
[EventDate "2020.??.??"]

{[%evp 0,68,38,12,23,-21,9,-52,-27,-42,-54,-33,-8,-22,-17,-13,-5,-20,-14,-227,
-225,-271,-254,-305,-322,-403,-338,-356,-341,-354,-374,-374,-379,-398,-354,
-358,-351,-348,-349,-395,-362,-439,-441,-466,-470,-527,-491,-503,-460,-1609,
-1673,-1724,-1760,-29987,-29986,-29987,-1744,-2283,-29988,-29995,-29992,-29993,
-29992,-29993,-29994,-29995,-29996,-29997,-29998,-29999,-30000]} 1. d4 Nf6 2.
c4 e5 3. e3 (3. dxe5 {main line of the Budapest}) 3... exd4 4. exd4 Bb4+ (4...
d5) 5. Bd2 Qe7+ {44% for Wh} (5... Bxd2+ {main 37% for Wh}) 6. Be2 (6. Qe2)
6... O-O 7. Nf3 (7. Nc3) 7... Bxd2+ (7... Re8) 8. Nbxd2 (8. Qxd2 Re8 9. Nc3 {
0-5}) 8... Re8 {transposes to 42 games} 9. O-O $2 (9. Rc1) (9. Kf1) 9... Qxe2
$19 {no games but the position has been analysed by Cloud Engines in previous
years} 10. Qc1 Qe7 (10... Qd3) 11. Qc3 d5 12. b4 Nc6 13. a3 Bg4 14. h3 Bxf3 {
Bl is a piece up, so exchanges help to make it more decisive} 15. Nxf3 Ne4 16.
Qc2 Qf6 (16... Ng5) 17. cxd5 Nxd4 18. Nxd4 Qxd4 19. Rac1 Rac8 (19... Re7) 20.
Kh2 Qxd5 (20... Nd2 21. Rfd1 Qf4+ 22. Kg1 Re2 23. Qc5 b6 {Stockfish11}) 21.
Rcd1 Qe5+ 22. g3 Qf6 (22... h5 {creates an exit for the K & a useful attacking
move}) 23. Qd3 Ng5 (23... Rcd8) 24. Qd4 $2 (24. h4 Ne6 25. Kg2 Rcd8 $19) 24...
Nf3+ 25. Kg2 Nxd4 26. Rfe1 Rxe1 (26... Qc6+ {mate in 5- Stockfish11} 27. f3
Qxf3+ 28. Kh2 Qf2+ 29. Kh1 Nf3 30. Rxe8+ Rxe8 31. h4 Qh2#) 27. Rxe1 Kf8 (27...
Qf3+ 28. Kg1 Rd8 29. Rf1 Ne2+ 30. Kh2 Rd1 31. Rxd1 Qxf2+ 32. Kh1 Nxg3# {
Stockfish11}) 28. Re4 Qf3+ 29. Kh2 Qxe4 (29... Qxf2+ 30. Kh1 Qf1+ 31. Kh2 Nf3#)
30. h4 Nf3+ 31. Kh3 Rd8 (31... Ne1) 32. g4 Rd1 33. Kg3 Rg1+ 34. Kh3 Qxg4# 0-1

[Event "Dyfed Major"]
[Site "Fishguard"]
[Date "2020.02.15"]
[Round "3.9"]
[White "Osinga, Awne"]
[Black "Bevan, Paul"]
[Result "0-1"]
[WhiteElo "1297"]
[BlackElo "1219"]
[Annotator "kemen"]
[PlyCount "66"]
[EventDate "2020.??.??"]

{[%evp 0,66,19,28,41,30,32,33,23,32,121,44,52,-8,16,-4,141,113,111,26,61,75,71,
55,33,28,17,-28,51,-16,50,-114,28,28,207,-3,100,70,131,39,242,240,331,298,300,
27,208,-979,-1020,-1036,-1079,-1071,-964,-1002,-1078,-1113,-830,-884,-930,
-1149,-1216,-29989,-29990,-29991,-29992,-29995,-29996,-29997,-29998]} 1. e4 e6
2. Nf3 d5 3. exd5 exd5 4. d4 c5 (4... Bd6) (4... Nf6) (4... Nc6) (4... Bg4) 5.
dxc5 (5. Bb5+) (5. Nc3) 5... Bxc5 6. Be2 (6. Bb5+) (6. Bd3) 6... Be6 (6... Nf6
{main, 37% for Wh}) 7. O-O (7. a3 {only example} Qb6 8. O-O h6 9. Nc3 Nf6 10.
Na4 Qc7 11. Nxc5 Qxc5 12. Be3 Qd6 13. Nd4 a6 14. Nxe6 fxe6 15. Qd3 O-O 16. Qg6
Kh8 17. b4 (17. Rae1 Qc7 18. Bxh6 gxh6 19. Qxh6+ Nh7 20. Qxe6 $16 {Stockfish11}
) 17... Nbd7 18. f4 {Rojas-Figueroa, ARAIS tt Santiago 1992,1/2-1/2}) 7... Qb6
(7... Nf6) 8. Nc3 Nf6 9. Bb5+ (9. Na4 Qd6 10. Nxc5 Qxc5 11. Bg5 $16 {Cloud
Engines}) 9... Nbd7 (9... Nc6) 10. Ne5 (10. Bxd7+ Bxd7 11. Nxd5 Nxd5 12. Qxd5
Be6 13. Qe4 $16 {Stockfish11}) (10. Bg5 O-O-O 11. Qd3 $16 {Fritz13 &
Stockfish11}) 10... O-O-O (10... O-O 11. Bxd7 Nxd7 12. Nxd7 Bxd7 13. Nxd5 $16 {
Stockfish11}) 11. Nxd7 (11. Bxd7+ Nxd7 12. Na4 Qd6 13. Nxc5 Nxe5 14. Nxe6 Qxe6
(14... fxe6 15. Bf4 $18) 15. Bf4 f6 16. Re1 $14) 11... Nxd7 12. Qd3 $6 (12.
Bxd7+ Rxd7 13. Na4) 12... Ne5 13. Qg3 (13. Qe2) 13... Bd6 14. Be2 Ng4 (14...
Ng6 $15) 15. Qh4 $2 (15. Bf4 Bxf4 16. Qxf4 Qc7 17. Qxc7+ Kxc7 18. Rad1 $14 {
Stockfish11}) 15... Nxh2 (15... Bxh2+ 16. Kh1 h5 $19 {Stockfish11}) 16. Rd1 $18
g5 (16... h5 17. Be3 Qa5 18. Rd4 Ng4 19. Ra4 Qc7 20. Nb5 Qe7 21. Qxe7 Bxe7 22.
Bxa7 $18 {Stockfish11}) 17. Qh5 (17. Bxg5 $18 {Wh seems to be forgetting this
B is available}) 17... d4 18. Ne4 Be5 (18... Bc7 19. Bxg5 Rd5 20. c3 d3 21.
Rxd3 Rxd3 22. Bxd3 Ng4 23. Be2 f5 24. Rd1 $18 {Stockfish11}) 19. Bd3 (19. Bxg5
$18 Rdg8 20. Bh4 (20. Bf6) 20... Qc7 21. c3 d3 22. Rxd3 Ng4 23. Rad1 $18 {
Stockfish11}) 19... Bd5 (19... Ng4 20. Bxg5 f6 21. Bxf6 Bxf6 22. Qc5+ Qc7 23.
Qxc7+ Kxc7 24. f3 Ne3 25. Nxf6 Nxd1 26. Rxd1 h5 27. Re1 Rd6 $11 {Stockfish11})
20. f4 (20. Bxg5 $18) (20. Ng3 $18) (20. Re1 $18) 20... Bxe4 (20... Bc7 21.
Nxg5 $16 {Stockfish11} (21. Qxh2 Bxe4 22. Bxe4 d3+ 23. Kh1 dxc2 24. Bxc2 Rxd1+
25. Bxd1 Qf2 $11) (21. Kxh2 gxf4 22. Rf1 Qg6 23. Qh3+ Be6 24. Qh4 f5 25. Bxf4
fxe4 26. Bxc7 Rd5 27. Bxe4 Rh5 28. Bxg6 Rxh4+ 29. Kg1 hxg6 30. Bd6 Kd7 31. Ba3
Bf5 $17)) 21. fxe5 $18 (21. Bxe4 $18) 21... Bxd3 22. Qh3+ {not the best it
transpires} (22. cxd3 $18) (22. Rxd3 $18) 22... g4 (22... Qe6 23. Rxd3 Ng4 24.
Bxg5 Rd5 $11 {Stockfish11}) 23. cxd3 (23. Qxd3 $1 {Stockfish11- is now the
only winning move, & others lose} Nf3+ (23... g3 24. Qxg3 Rhg8 25. Qxh2 d3+ 26.
Kf1 dxc2 27. Rd6 $18) 24. gxf3 Rhg8 25. f4 g3 26. f5 Rg4 27. Qf3 Rdg8 28. Rd3
Rh4 29. Bf4 $18 {Stockfish11}) 23... gxh3 $19 24. Kxh2 hxg2 25. Bf4 {at last,
but too late} g1=Q+ 26. Rxg1 Qxb2+ 27. Kh3 Rd7 (27... Qe2) (27... Rhg8) 28.
Rac1+ Rc7 29. Rb1 Qe2 30. Rg3 Qh5+ 31. Kg2 Rc2+ 32. Kf1 Qe2+ 33. Kg1 Qf2+ 0-1

[Event "Dyfed Major"]
[Site "Fishguard"]
[Date "2020.02.15"]
[Round "3.10"]
[White "Hunt, Ray"]
[Black "Thacker, Steve"]
[Result "1/2-1/2"]
[WhiteElo "1518"]
[BlackElo "1438"]
[Annotator "kemen"]
[PlyCount "55"]
[EventDate "2020.??.??"]

{[%evp 0,55,69,12,29,-28,20,17,17,30,29,15,18,12,17,29,29,20,20,13,23,31,36,29,
44,35,39,44,68,18,39,19,28,26,43,33,40,-55,-28,-52,-28,-42,-35,-30,-36,-40,-40,
-27,-27,-41,-21,-42,7,-9,-8,-21,5,-26]} 1. Nf3 Nf6 2. b3 d6 3. d4 Bg4 4. e3
Nbd7 5. Be2 e6 (5... e5) 6. Nbd2 Be7 (6... d5 {0.5-2.5}) 7. Bb2 O-O (7... d5)
8. O-O c6 (8... d5) (8... c5) 9. a3 (9. c4 {main; 3 draws, 4 Bl wins}) 9... a5
10. h3 Bxf3 11. Nxf3 h6 12. Rc1 Ne4 13. c4 $11 Ndf6 (13... d5) 14. Nh2 d5 15.
Qe1 Bd6 16. c5 (16. Nf3) 16... Bxh2+ (16... Bc7 $11) 17. Kxh2 Qc7+ 18. f4 (18.
g3) 18... Kh7 (18... b6 $15 {Stockfish11}) 19. g3 Rg8 (19... g5) 20. Rg1 (20.
g4) 20... g5 $15 21. Rc2 Rg6 22. Bd1 Rag8 23. Rcg2 h5 (23... g4 24. h4 Nh5 25.
Bc2 $15 {but the position is very blocked}) 24. Kh1 Rh6 (24... h4 {is worth a
try} 25. g4 (25. gxh4 gxf4 26. Rxg6 fxg6 27. Bc1 e5 28. dxe5 f3 29. Bxf3 Qxe5
$17 {is better}) 25... Ng3+ 26. Rxg3 (26. Kh2 Nfe4 $19) 26... hxg3 27. Bf3 Rh6
28. Kg2 gxf4 29. exf4 Qxf4 30. Rf1 (30. Bc1 Qxd4 $19) 30... Rh8 31. Qc1 Qc7 32.
Rh1 Rg6 $19) 25. Bc1 (25. Bc2 {gets rid of one of the dangerous Ns}) 25... gxf4
(25... g4 $5) 26. exf4 (26. gxf4 $11) 26... Rhg6 27. Bf3 b5 28. Bd2 $11 (28. g4
$14) 1/2-1/2

[Event "Dyfed Major"]
[Site "Fishguard"]
[Date "2020.02.16"]
[Round "4.1"]
[White "Hurn, Robert AJ"]
[Black "Hammett, Scott"]
[Result "1-0"]
[WhiteElo "1697"]
[BlackElo "1602"]
[Annotator "kemen"]
[PlyCount "79"]
[EventDate "2020.??.??"]

{[%evp 0,79,29,22,56,56,62,61,60,37,37,32,32,23,45,23,18,18,19,22,35,23,56,42,
36,43,43,23,24,1,1,1,1,-12,-7,-13,6,-17,1,-7,-6,13,24,24,28,29,29,25,22,22,31,
31,54,31,85,83,81,0,0,0,8,0,0,0,117,133,238,234,239,132,318,169,212,36,444,466,
478,545,516,591,646,720]} 1. d4 f5 2. Nc3 Nf6 3. Bg5 e6 {a line that is known
to be dangerous for Bl, whose K side gets vulnerable.} (3... d5 {recommended
in theory books} 4. e3 e6 5. Nh3 Be7 6. Nf4 O-O 7. Be2 c6 (7... c5) 8. O-O Na6
9. Nd3 Bd7 10. a3 Nc7 11. f3 Be8 12. Rb1 b6 13. b4 Nb5 14. Nxb5 cxb5 $11 {
IC Jones-Hammett, Dyfed League 2017,1-0}) 4. e4 (4. g4 {is also quite strong,
recommended by Martin}) 4... fxe4 5. Nxe4 Be7 6. Bxf6 Bxf6 7. Nf3 O-O (7... b6
8. Ne5 O-O 9. Bd3 Bb7 10. Qh5 Qe7 11. Qxh7+ $1 Kxh7 12. Nxf6+ Kh6 13. Neg4+ Kg5
14. h4+ Kf4 15. g3+ Kf3 16. Be2+ Kg2 17. Rh2+ Kg1 18. Kd2# {E Lasker-G Thomas,
London 1912,1-0}) 8. Bd3 Nc6 9. c3 d5 10. Nxf6+ Qxf6 11. Qe2 Bd7 12. O-O {
68% for Wh} (12. Bb5 {has been tried} Nb8 13. O-O a6 14. Bd3 Nc6 15. Rae1 Rae8
16. Qe3 $16 {Webb-Fathallah, I o Man Masters 2016,1-0}) 12... Rae8 13. Ne5 {
gives up a lot of Wh's advantage by blocking the file against the weak e6.} (
13. Rae1 {4 Wh wins, 2 draws} Re7 14. Qc2 (14. b4 {Cloud Engines}) 14... g6 15.
Ne5 Nxe5 16. Rxe5 c5 17. f4 c4 18. Be2 b5 19. a3 Qh4 20. Qd2 Ref7 21. g3 Qe7
22. Bg4 Qd6 23. Rfe1 Rf6 24. R1e2 Kg7 25. Qe1 Re8 26. h4 a5 27. h5 $16 {
Hurn-Ford, WLS/WCCC17, ICCF 2017,1-0}) 13... Nxe5 14. Qxe5 Qxe5 15. dxe5 $11 g5
16. Rae1 Re7 (16... a6 17. c4 c5 $11 {Stockfish11}) 17. f3 Kg7 18. Rf2 h5 $17 {
the Bl pawns have a bit more flexibility than the Wh ones} (18... Be8 $17) 19.
g3 Ref7 (19... Be8 20. Kf1 Bg6 21. Ke2 Ref7 22. Ref1 Bxd3+ 23. Kxd3 Kg6 $15 {
Stockfish11}) 20. Ref1 $11 Kh6 21. f4 gxf4 22. Rxf4 Rxf4 23. Rxf4 Rxf4 24. gxf4
c5 $11 (24... Be8 $11) 25. h4 c4 $2 {gives the Wh K free entry into the bl
squares- one should avoid putting almost all of one's pawns on the same colour
as the B} (25... Kg7 26. Kf2 Be8 (26... Kh6 27. Ke3 Kg7 {repeats}) 27. f5 exf5
28. Bxf5 Kf7 29. Ke3 Ke7 30. Kf4 Bd7 31. Bg6 Bg4 $11 {Wh has no time to win
the h pawn, as Bl's dpawn then wins the game}) 26. Bc2 $18 b5 {makes things
worse as b6 is no longer a possibility} 27. a3 Be8 28. Kf2 (28. f5 $1 {is the
most exact move to leave Bl with no chances} Bf7 (28... exf5 29. Bxf5 Bg6 30.
Be6 Be4 31. Kf2 Kg6 32. Ke3 Kg7 33. Kd4 {and Bl's Q side disappears}) 29. Kf2
Kg7 30. Ke3 Kf8 {and Wh can win in several different ways,eg} 31. fxe6 Bxe6 32.
Bd1 Bf7 33. Kd4 Ke7 34. Bf3) 28... Bg6 $11 29. Bd1 Bf5 30. Ke3 Kg6 31. Kd4 Be4
$2 {the wrong way} (31... Bg4 $1 32. Bc2+ Bf5 33. Bd1 Bg4 34. Bc2+ $11) (31...
a6 32. Kc5 Bg4 {comes to the same thing}) 32. Kc5 $18 Kf5 33. Bxh5 Kxf4 34. Kd4
(34. Kd6 {is even stronger} Bf5 35. Be8 Bg4 36. Bxb5 (36. Bd7)) 34... Kg3 35.
Be8 (35. Bf7 {the e pawn is more important as its demise liberates Wh's most
advanced pawn}) 35... Kxh4 36. Bxb5 Bc2 37. Bd7 Bf5 38. Kc5 Kg5 39. Kd6 Kg6 40.
Bxe6 1-0

[Event "Dyfed Major"]
[Site "Fishguard"]
[Date "2020.02.16"]
[Round "4.2"]
[White "Chadaway, Stephen"]
[Black "Miller, John S"]
[Result "1-0"]
[WhiteElo "1662"]
[BlackElo "1499"]
[Annotator "kemen"]
[PlyCount "85"]
[EventDate "2020.??.??"]

{[%evp 0,85,31,31,31,-36,56,44,51,34,37,12,29,33,-1,5,31,29,40,41,55,62,54,37,
86,48,51,35,61,46,44,-33,33,41,45,34,50,-5,59,59,66,60,62,42,143,140,175,122,
140,87,197,176,194,182,29999,161,160,155,197,182,189,197,195,211,253,215,224,
220,267,288,228,274,682,900,1033,1092,1213,504,513,268,407,407,460,515,602,602,
2070,2401]} 1. d4 Nf6 2. c4 g6 3. Nc3 Bg7 4. e4 d6 5. f4 {the Four Pawns
attack, which largely put the King's Indian out of business in the first third
of the 20th century} (5. Nf3 {main}) 5... O-O 6. Nf3 c5 7. d5 Na6 {a slower
reaction} (7... e6 8. Be2 exd5 9. cxd5 Re8 (9... Bg4) (9... b5)) (7... b5 {
Benko Gambit style}) 8. Be2 Nc7 9. O-O a6 10. a4 Rb8 (10... b6 {is more
cautious}) 11. Ra3 {a long-term positional idea- sometimes the R gets to g3} (
11. a5 {main}) (11. Qc2) (11. e5 $14 {but scores 5 Wh wins & a draw}) 11...
Nfe8 $146 (11... Bd7 {1.5-0.5}) (11... e6 12. Rb3 (12. e5 $16 {Stockfish11})
12... exd5 13. cxd5 Re8 $15 {Sabrowski (2114)-Schmalzried (1858), Berlin
Lichtenberger op 2012,0-1}) 12. Bd3 (12. a5) 12... Bg4 13. Qc2 (13. Qe1) 13...
f5 {this will leave weaknesses on the e file} (13... Bxf3 14. Rxf3 Nf6 (14...
e6 15. f5) 15. Rg3 Nd7 16. Be3 e6 17. dxe6 fxe6 18. Qd2 Qe7 $16 {but Bl has
counterchances, especially if Wh tries too hard}) 14. exf5 $18 Bxf5 15. Ne4 (
15. Bxf5 gxf5 16. Re1) 15... Nf6 (15... b5 $11 {given a chance for this Bl
should take it}) 16. Nxf6+ (16. Ng3 $18) 16... Rxf6 17. Bxf5 Rxf5 18. Qe4 (18.
g4 Rf8 19. f5 Qd7 20. Ng5 $18 {Stockfish11}) 18... b5 $11 {this is now a
decent version of a Leningrad Dutch for Bl; where Wh has an inferior B on c1}
19. axb5 axb5 20. b3 (20. Nh4 e6 (20... Rh5 21. f5 $16) 21. Nxf5 exf5 22. Qc2
bxc4 23. Qxc4 Rb4 24. Qc2 Nxd5 $14 {Stockfish11}) 20... Rb7 (20... e6 21. dxe6
d5 22. Qe3 Qd6 $11 {Stockfish11}) 21. Ra2 (21. Nh4 Rf8 22. f5 $18 {
Stockfish11- releases the B & gives Wh a ferocious K side attack}) 21... Ne8 (
21... Rf8 22. Re2 $16) 22. Qe6+ Kh8 23. Ng5 $18 Bd4+ 24. Kh1 (24. Be3) 24...
Rf6 25. Nf7+ (25. Qh3 h5 26. g4 Ng7 27. f5 {even stronger- Stockfish11}) 25...
Rxf7 26. Qxf7 Bf6 (26... Ng7 27. f5 $18 {Stockfish11}) 27. Qe6 (27. Qf8#) 27...
Ng7 28. Qe4 bxc4 29. bxc4 Nf5 30. g4 Nd4 31. Be3 Qb8 32. g5 (32. Rfa1 Qg8 33.
Ra8 Rb8 34. Rxb8 Qxb8 35. g5 Bg7 36. Bxd4 Bxd4 37. Ra2 $18 {Stockfish11}) 32...
Bg7 33. Bxd4 Bxd4 34. f5 Qf8 35. Kg2 (35. Ra3 Bg7 36. Rh3 Qf7 37. Rff3 $18 {
Stockfish11- the Bl K is still vulnerable}) 35... Rb2+ 36. Rxb2 Bxb2 37. fxg6
Qg7 38. h4 (38. Rf7 Qxg6 39. Rf8+ Qg8 40. Qxe7 $18 {Stockfish11}) 38... hxg6
39. Re1 (39. Qg4) (39. Qe6) 39... Be5 40. Qf3 (40. Rf1) 40... Kg8 41. Rf1 Bd4
42. Qg4 Qe5 43. Qc8+ {a move that could not be prevented} 1-0

[Event "Dyfed Major"]
[Site "Fishguard"]
[Date "2020.02.16"]
[Round "4.3"]
[White "Paffard, Mark"]
[Black "Alexander, Ken"]
[Result "1-0"]
[WhiteElo "1603"]
[BlackElo "1622"]
[Annotator "kemen"]
[PlyCount "47"]
[EventDate "2020.??.??"]

{[%evp 0,47,51,28,48,64,64,50,47,47,53,26,50,26,44,44,50,-24,-22,-29,-35,-35,
-27,-55,-29,-33,-33,-26,-35,-35,-54,-53,-23,-24,-8,7,24,19,75,60,43,20,46,46,
120,133,197,188,29997,29998]} 1. e4 c6 2. d4 d5 3. Nc3 dxe4 4. Nxe4 Nd7 (4...
Bf5 {main}) 5. Bc4 e6 (5... Ngf6) 6. Bf4 (6. Nf3) (6. Qe2) 6... Nb6 (6... Ngf6)
7. Bb3 Nf6 8. Nc5 $146 (8. Nxf6+ Qxf6 $16 {1-2}) 8... Nbd5 9. Bg3 Bxc5 10. dxc5
Qa5+ 11. Qd2 (11. c3 Qxc5 12. Nf3 Ne4 13. Qe2 Nxg3 14. hxg3 a5 15. Rh4 O-O 16.
O-O-O $11 {Wh has a space advantage to compensate for the pawn}) 11... Qxd2+
12. Kxd2 Ne4+ 13. Ke2 Nxc5 $17 14. Nf3 Nxb3 (14... f6) 15. axb3 O-O 16. Rhd1 b5
(16... Re8) (16... f6) 17. Ne5 (17. c4 $14) 17... Bb7 18. c4 $11 bxc4 (18...
Nb6) 19. bxc4 Nb6 20. Rd6 c5 (20... f6 {Bl needs to regain control over the bl
squares}) 21. f3 Rfe8 22. b3 $18 Nc8 23. Rd7 Re7 (23... Rb8 24. Rxf7 $18) 24.
Rd8+ 1-0

[Event "Dyfed Major"]
[Site "Fishguard"]
[Date "2020.02.16"]
[Round "4.4"]
[White "Parri, Deio"]
[Black "Andrews, Norman"]
[Result "1/2-1/2"]
[WhiteElo "1622"]
[BlackElo "1606"]
[Annotator "kemen"]
[PlyCount "63"]
[EventDate "2020.??.??"]

1. d4 Nf6 2. c4 e6 3. Nc3 Bb4 4. Qc2 {fashionable in the 1920s & 30's, then
fading from usage until brought back by Kasparov} O-O 5. e3 (5. a3) 5... c5 (
5... b6) 6. Nf3 cxd4 7. exd4 Nc6 (7... d5) 8. Bd3 h6 (8... d5 {main}) 9. O-O d6
10. a3 (10. Ne4 Nxe4 11. Bxe4 Ne7 12. Be3 f5 13. Bd3 Bd7 14. Qb3 Ba5 15. Qxb7
Rb8 16. Qxa7 Ra8 17. Qb7 Rb8 18. Qa7 Nc6 19. Qa6 Rb6 {Mueller-Rank,
Mittelfranken ch tm 2014,0-1}) 10... Ba5 11. b4 Bc7 (11... Bb6 12. c5 dxc5 13.
dxc5 Bc7 14. Rd1 Qe7 15. Nb5 {Klausen-Stoere, NOR ch corr 1998,1-0}) 12. Bb2
Bd7 13. Rfe1 Re8 (13... Ne7) 14. Ne4 Nxe4 15. Bxe4 Re7 (15... f5 16. Bd3 Ne7
17. d5 e5 18. c5 $18 e4 19. Qc3 {& mate on g7}) 16. d5 $18 exd5 17. Bxd5 (17.
Qc3 Ne5 18. Bxd5 Rb8 19. Rad1 $18 {Stockfish11}) 17... Rxe1+ 18. Rxe1 Qf8 19.
Qg6 $18 (19. b5 {Stockfish11} Ne5 20. Nxe5 (20. Bxe5 dxe5 21. Nxe5 Bxe5 22.
Rxe5 Qxa3 23. Qd2 $18) 20... dxe5 21. Bxb7 $18) 19... Re8 20. Rxe8 Bxe8 21. Qd3
(21. Qg4) 21... Bd7 22. b5 Na5 (22... Nd8 23. Qe3 Bb6 24. Bd4 Bxd4 25. Nxd4 $16
{Stockfish11}) 23. Nd4 (23. Nh4 $18) 23... Qe7 24. Bc3 $18 (24. g3 $18) 24...
Qg5 25. Bd2 (25. g3 $18) 25... Qe7 26. h3 Bb6 27. Nf5 (27. Bc3 $18 {Stockfish11
}) 27... Qf6 28. Ne3 Qa1+ 29. Kh2 Qe5+ 30. Kg1 (30. g3 $18 {Stockfish11} Qe7
31. Bc3 Nb3 32. Nf5 Bxf5 33. Qxf5 Nc5 34. Kg2 Na4 35. Ba1 Nc5 36. h4 {Wh
gradually builds up pressure on the K side while Bl's 2 minor pieces stray on
the Q side} Bd8 37. Qg4 Qf8 38. Bc3 b6 39. h5 Bg5 40. f4 Bd8 41. Kf3 Na4 42.
Bd4 Nc5 43. Ke2 Qe8+ 44. Kf1 Qf8 45. Qf5 Qe7 {but there still is no direct
breakthrough as} 46. g4 Ne6 47. Bc3 Qh4 48. Kg2 Qe7 49. Bxe6 fxe6 50. Qe4 Qf7
51. Qg6 Qd7 {looks like it might hold}) 30... Qa1+ 31. Kh2 Qe5+ 32. Kg1 1/2-1/2

[Event "Dyfed Major"]
[Site "Fishguard"]
[Date "2020.02.16"]
[Round "4.5"]
[White "Jones, Jonathan"]
[Black "Gunn, Tom"]
[Result "1-0"]
[WhiteElo "1537"]
[BlackElo "1422"]
[Annotator "kemen"]
[PlyCount "95"]
[EventDate "2020.??.??"]

{[%evp 0,95,19,31,14,23,29,35,47,41,32,14,18,-1,15,2,11,1,-4,-7,11,3,-3,-20,49,
49,30,5,57,54,174,99,241,237,261,264,288,68,57,0,8,8,94,94,142,-13,28,33,26,19,
20,20,32,22,37,18,32,14,46,32,51,23,47,32,53,43,58,23,43,99,478,226,233,232,
232,235,251,262,269,269,282,291,300,302,358,347,488,443,443,226,367,389,442,
468,749,1143,1525,1594]} 1. d4 Nf6 2. Bf4 e6 3. e3 b6 4. Be2 Bb7 5. Nf3 (5. Bf3
{has been played}) 5... Be7 6. O-O O-O 7. c4 (7. h3) 7... Nh5 (7... d6) (7...
d5) (7... c5) 8. Nc3 (8. Bg3 {main}) 8... d6 9. Re1 (9. Bg3 {main}) 9... Nxf4 (
9... c5 10. d5 e5 11. Bg5 Bxg5 12. Nxg5 Qxg5 13. Bxh5 Qh6 14. Be2 Na6 15. a3 f5
16. e4 Nc7 (16... f4 17. Bg4 Nc7 $11) 17. exf5 Rxf5 18. Ne4 $16 {Vodicka-Trani,
VW cup, ICCF 2015,1-0}) 10. exf4 Nd7 (10... c5 $11 {Stockfish11}) 11. Bd3 (11.
d5 {Stockfish8 in 2017}) 11... Nf6 (11... Bf6) 12. d5 exd5 13. Nxd5 Bxd5 (13...
Nxd5 14. cxd5 g6 $11 {Stockfish11}) 14. cxd5 $18 {Bl has terrible wh square
holes on the Q side} Re8 15. Rc1 (15. Bb5) 15... a5 (15... a6 $16) 16. Bb5 Nd7
17. Bc6 Rc8 18. Nd4 (18. Qa4 Nc5 19. Rxc5 bxc5 20. Bxe8 Qxe8 21. Qe4 g6 22.
Qxe7 $18 {Stockfish11}) 18... Bf6 19. Nf5 (19. Rxe8+ Qxe8 20. Qg4 Rd8 21. Nf3
$18 {threat Re1- Stockfish11}) (19. Qg4 Rxe1+ 20. Rxe1 Nc5 21. Nb5 Qf8 22. b3
$18 {but not as convincing-Stockfish11}) 19... Rxe1+ 20. Qxe1 g6 (20... Nc5 21.
Qd2 Qf8 22. Re1 g6 23. Nd4 Qg7 24. Nb5 h6 25. b3 $14 {Stockfish11}) 21. Nh6+
Kg7 22. Ng4 {missing a chance} (22. Nxf7 $18 Kxf7 23. Qe6+ Kg7 24. Bxd7 Rb8 25.
Rc2 {Stockfish11}) 22... Nc5 (22... Bxb2 23. Rc2 h5 24. Rxb2 hxg4 25. Re2 Nf6
$11 {Stockfish11}) 23. Qd2 h5 24. Nxf6 Qxf6 25. Re1 $16 Rf8 26. b3 (26. g3 {
Stockfish11-releases R from backrank duty}) 26... Qd8 (26... h4 $14) (26... Qf5
27. h4 Qd3 $14) 27. Qc2 f5 28. Qe2 Rf7 (28... Kh6 $11) (28... h4 $11) 29. Be8
Rf8 30. Qb2+ Kh7 (30... Kh6) 31. Qe2 Kg7 (31... Ne4 $11) 32. Bc6 Kf7 33. Qb5
Kf6 $6 {puts the K into the front line} (33... Qf6 $11) (33... Kg7 $11) 34. a3
Rf7 $2 35. b4 $2 (35. Re8 $18 {uses backrank ideas on both sides of the board}
Re7 (35... Qxe8 36. Bxe8 Re7 37. g3 $18) 36. Rxd8 Re1+ 37. Qf1 Rxf1+ 38. Kxf1
$18) 35... Re7 (35... axb4 36. axb4 (36. Re8 Re7 $11) 36... Nd7 37. Qe2 Kg7 38.
g3 $16) 36. Rxe7 Qxe7 37. bxc5 $18 {the Q can return , so there is no mate}
dxc5 38. Qb2+ Kf7 39. g3 (39. Qe5) 39... Qe1+ 40. Kg2 Qe4+ 41. f3 Qd4 42. Qe2 {
Stongest according to Stockfish11} (42. Qxd4 cxd4 43. Bb5 {is enough to win}
Ke7 44. Kf2 Kd6 45. Ke2 Kxd5 46. Kd3 c6 47. Bc4+ Kd6 48. Bf7 (48. Kxd4) 48...
c5 49. Bxg6 Ke6 50. a4 $18 {the Bl Q side pawns are blockaded & the K side
ones will disappear}) 42... c4 (42... Qf6 43. Qe8+ Kg7 44. Qe5 $18 {best try})
43. Qe6+ (43. Be8+ Kf8 44. Qe6) 43... Kg7 44. Be8 (44. Qe5+ {simplifies} Qxe5
45. fxe5 c3 46. Ba4 b5 47. Kf2 (47. Bc2) 47... bxa4 48. Ke3 {and the Bl pawns
are helpless against the K- Stockfish11 nudged}) (44. Qc8 c3 45. Qxc7+ Kh6 46.
Be8 Qxd5 47. Qxc3 Qg8 48. Qe5 $18 {is the Engines preferred route, which is
more complex to finish off}) 44... Qf6 45. Qd7+ (45. Qe5 {Stockfish11}) 45...
Kh6 46. Qxc7 Qb2+ 47. Kh3 Qd4 48. d6 {Wh Qs easily; Bl doesn't} 1-0